000 00543nam a22001577a 4500
999 _c59023
_d59023
003 Ge_BSU
005 20221101160432.0
008 221101s2007 ge ||||| |||| 00| 0 geo d
041 _ageo
080 _a336.711(479.22) ს-32
245 _aსაქართველოს ეროვნული ბანკი /
_bწლიური ანგარიში, 2007.
264 _aთბილისი,
_c2007.
300 _a128გვ.:
_bცხრ.,
_c30 სმ.
653 _aწლიური ანგარიში
942 _2udc
_cBK